00883njm a2200205 i 45000010005000000030009000050070015000140080041000291000039000702450121001092600041002303000054002714900024003255000038003495180105003876100070004927100042005628300043006048520030006474694ES-MaACLs|r|||||||||||070807s1968 sp ||| g ||||||||1|nspa d0 aPrilutzky Farny, Julia,d1912-200210aJulia Prilutzky h[Grabación sonora] b: selección de poemas y resumen crítico / cinterviene Julia Prilutzky. aMadrid : bAteneo de Madrid, c1968. a1 disco (CD-DA) (1 h. 12 min. 43 seg.) ; c12 cm.1 aLecturas poéticas aDatos basados en la invitación. aActo organizado por el Aula de Poesía del Ateneo de Madrid, grabado el jueves 11 de enero de 1968.17aAteneo de Madrid-xActos culturales-y1968-vGrabaciones sonoras.2 aAteneo de Madrid. bAula de Poesía.00aLecturas poéticas (Ateneo de Madrid) aES-MaACLjROT 3/3/21cROT